Statistics for Guess the Game of Thrones Character! Difficult!

Click here to take the quiz!

General Stats

  • This quiz has been taken 1,063 times
    (1,042 since last reset)
  • The average score is 27 of 42

Answer Stats

InitialsAnswer% Correct
TLTyrion Lannister
97%
ASArya Stark
96%
JSJon Snow
95%
CLCersei Lannister
93%
DTDaenerys Targaryen
91%
SSSansa Stark
90%
RBRobert Baratheon
87%
JLJaime Lannister
85%
JBJoffrey Baratheon
83%
JMJorah Mormont
83%
TLTywin Lannister
82%
BSBran Stark
78%
RSRobb Stark
75%
RBRenly Baratheon
74%
MTMargaery Tyrell
73%
PBPetyr Baelish
70%
RSRickon Stark
70%
VTViserys Targaryen
69%
OMOberyn Martell
68%
CSCatelyn Stark
67%
SBStannis Baratheon
67%
TGTheon Greyjoy
67%
ESEddard Stark
64%
SCSandor Clegane
64%
TBTommen Baratheon
64%
RBRamsay Bolton
62%
OTOlenna Tyrell
61%
GCGregor Clegane
59%
RBRoose Bolton
57%
STSamwell Tarly
55%
YGYara Greyjoy
53%
MBMyrcella Baratheon
51%
KDKhal Drogo
47%
BSBenjen Stark
45%
DSDavos Seaworth
40%
BSBarristan Selmy
38%
DNDaario Naharis
35%
RARobert Arryn
34%
JRJojen Reed
28%
JHJaqen H'ghar
26%
MRMeera Reed
26%
ATAlliser Thorne
15%

Score Distribution

Percentile by Number Answered

Percent of People with Each Score

Your Score History

You have not taken this quiz since the last reset